The experience of science : a new perspective for laboratory teaching /

Bibliographic Details
Main Author: Anderson, O. Roger, 1937-
Format: Book
Language:English
Published: New York : Teachers College Press, Teachers College, Columbia University, [1976]
Series:Studies in science education.
Subjects:

MARC

Tag First Indicator Second Indicator Subfields
LEADER 00000pam a2200000 i 4500
001 in00000336255
005 20151011055050.0
008 751104s1976 nyua b 00110 eng
010 |a  75037967  
020 |z 0807724904. 
020 |a 0807724890 (pbk.) 
035 |a (OCoLC)01863585 
035 |9 ABM2079AM 
040 |a DLC  |c DLC  |d TXA  |d UtOrBLW 
049 |a TXAM  |c 2 [1107233] 
050 0 0 |a Q181  |b .A63 
082 0 |a 507/.1 
096 |a Q 181 A548e 1976 
100 1 |a Anderson, O. Roger,  |d 1937- 
245 1 4 |a The experience of science :  |b a new perspective for laboratory teaching /  |c O. Roger Anderson. 
264 1 |a New York :  |b Teachers College Press, Teachers College, Columbia University,  |c [1976] 
264 4 |c ©1976 
300 |a x, 132 pages :  |b illustrations ;  |c 23 cm. 
336 |a text  |b txt  |2 rdacontent 
337 |a unmediated  |b n  |2 rdamedia 
338 |a volume  |b nc  |2 rdacarrier 
490 1 |a Studies in science education 
500 |a Includes index. 
504 |a Bibliography: page 129. 
650 2 |a Psychology, Educational. 
650 2 |a Science  |x education. 
650 2 |a Teaching  |x methods. 
830 0 |a Studies in science education. 
999 |a MARS 
999 f f |s af984ebf-5c29-32f6-a5b8-7cf554d81548  |i de58c85b-cf68-3aa5-9d5f-d621f1e4f773  |t 0 
952 f f |p ric  |a Texas A&M University  |b Rellis Campus  |c Joint Library Facility  |d Remote Storage  |t 0  |e Q181 .A63  |h Library of Congress classification  |i unmediated -- volume  |m A14804408192 
998 f f |a Q181 .A63  |t 0  |l Remote Storage